| 000 | 00987nam0a22002651 4500 | ||
|---|---|---|---|
| 001 | rc\3966583 | ||
| 005 | 20130415121041.3 | ||
| 021 |
_aRU _b[56-28982] |
||
| 035 | _a(NLR Aleph) 008053448 | ||
| 090 |
_a8956542 _c8956542 |
||
| 100 | _a20130415d1956 |||y0rusy50 ca | ||
| 101 | 0 | _arus | |
| 102 | _aRU | ||
| 105 | _aa z ||||| | ||
| 200 | 1 |
_aОсновные элементы теории вероятностей _eУчеб. пособие _fВсесоюз. заоч. фин. ин-т М-ва высш. образования СССР |
|
| 210 |
_aМосква _cБ. и. _d1956 |
||
| 215 |
_a60 с. _cчерт. _d22 |
||
| 300 | _aПеред загл. авт.: доц. Э.С. Маркович | ||
| 606 |
_aТеория вероятностей _jПособия заочные _2psbo |
||
| 700 | 1 |
_aМаркович _bЭ. С. _gЭммануил Соломонович |
|
| 801 | 0 |
_aRU _bNLR _gpsbo |
|
| 801 | 1 |
_aRU _bELAR _2rusmarc |
|
| 852 |
_aNLR _jМт02 Г-6/525 |
||
| 942 | _cBOOK | ||
| 980 | _aNB | ||